Statistics for Third Most Populous City by State

Click here to take the quiz!

General Stats

  • This quiz has been taken 30 times
  • The average score is 20 of 50

Answer Stats

HintAnswer% Correct
CaliforniaSan Jose
100%
FloridaTampa
100%
ColoradoAurora
82%
AlaskaFairbanks
82%
OhioCincinnati
73%
North CarolinaGreensboro
73%
NevadaReno
73%
LouisianaShreveport
73%
MissouriSpringfield
73%
MassachusettsSpringfield
73%
ArizonaMesa
64%
New YorkRochester
64%
MinnesotaRochester
64%
GeorgiaAugusta
55%
TexasDallas
55%
KansasKansas City
55%
WashingtonTacoma
55%
PennsylvaniaAllentown
45%
IowaDavenport
45%
TennesseeKnoxville
45%
DelawareNewark
45%
MaineBangor
36%
KentuckyBowling Green
36%
New HampshireConcord
36%
IndianaEvansville
36%
ArkansasFort Smith
36%
WisconsinGreen Bay
36%
AlabamaMontgomery
36%
VirginiaNorfolk
36%
ConnecticutStamford
36%
OregonEugene
27%
WyomingLaramie
27%
IdahoNampa
27%
OklahomaNorman
27%
New JerseyPaterson
27%
HawaiiPearl City
27%
MichiganWarren
27%
NebraskaBellevue
18%
North DakotaGrand Forks
18%
IllinoisNaperville
18%
Rhode IslandWarwick
18%
MontanaGreat Falls
9%
West VriginiaMorgantown
9%
South CarolinaNorth Charleston
9%
New MexicoRio Rancho
9%
MississippiSouthaven
9%
UtahWest Jordan
9%
South DakotaAberdeen
0%
MarylandGermantown
0%
VermontRutland
0%

Score Distribution

Percentile by Number Answered

Percent of People with Each Score

Your Score History

You have not taken this quiz